| 000 | 00388nam a2200145 a 4500 | ||
|---|---|---|---|
| 001 | 1488 | ||
| 003 | CDMR | ||
| 005 | 20130312162308.0 | ||
| 008 | 130130s1974||||||||||||||||||||||||||||d | ||
| 040 |
_aCDMR _bcat _cCDMR |
||
| 100 | 1 |
_aHuertas López, Ricardo _91127 |
|
| 245 | 1 | 0 |
_aHistoria del periodismo taurino en Barcelona _cRicardo Huertal Lopez |
| 260 |
_aBarcelona _c1974 |
||
| 942 |
_cTSN _2udc |
||
| 999 |
_c1488 _d1488 |
||